00359nam a22000977a 4500003000400000008004100004245004700045250009400092260005500186650002000241OSt201207b ||||| |||| 00| 0 eng d aJournal of The Indian Institute of Science a2016(Jan-Mar Vol.96 No.1, Apr- Jun Vol.96 No.2, Jul-Sep Vol.96 No.3, Oct-Dec Vol.96 No.4) aBengalurubIIScPress - Indian Institute of Science aApplied Science